|
|
|
|
| LEADER |
01717cas a2200241 a 4500 |
| 001 |
AALejournalIMF003992 |
| 008 |
230101c9999 xx r poo 0 0eng d |
| 020 |
|
|
|c 5.00 USD
|
| 020 |
|
|
|z 9781451817157
|
| 022 |
|
|
|a 1934-7685
|
| 040 |
|
|
|a BD-DhAAL
|c BD-DhAAL
|
| 110 |
2 |
|
|a International Monetary Fund.
|
| 245 |
1 |
0 |
|a Honduras :
|b Third Review Under the Three-Year Arrangement Under the Poverty Reduction and Growth Facility; Request for Waiver and Modification of Performance Criteria; and Financing Assurances Review.
|
| 264 |
|
1 |
|a Washington, D.C. :
|b International Monetary Fund,
|c 2006.
|
| 300 |
|
|
|a 1 online resource (70 pages)
|
| 490 |
1 |
|
|a IMF Staff Country Reports
|
| 500 |
|
|
|a <strong>Off-Campus Access:</strong> No User ID or Password Required
|
| 500 |
|
|
|a <strong>On-Campus Access:</strong> No User ID or Password Required
|
| 506 |
|
|
|a Electronic access restricted to authorized BRAC University faculty, staff and students
|
| 520 |
3 |
|
|a Honduras's Third Review under the Poverty Reduction and Growth Facility and Request for Waiver and Modification of Performance Criteria are discussed. The current stance of monetary and exchange rate policies are broadly appropriate, and financial sector reforms are proceeding. Progress has been made in strengthening monetary operations and the prudential framework. The authorities will introduce measures to control the risk of dollar lending to nondollar earners and to limit the net open foreign exchange position of banks.
|
| 538 |
|
|
|a Mode of access: Internet
|
| 830 |
|
0 |
|a IMF Staff Country Reports; Country Report ;
|v No. 2006/031
|
| 856 |
4 |
0 |
|z Full text available on IMF
|u http://elibrary.imf.org/view/journals/002/2006/031/002.2006.issue-031-en.xml
|z IMF e-Library
|